Представление документа в формате RUSMARC

ПолеНазваниеЗначение
  Тип записи a
  Библиографический уровень c
001 Контрольный номер RU/SLIB/B/215170886
005 Дата корректировки 20201206204002.9
010 Индекс ISBN __
a ISBN 5-7834-0057-2
d Цена 15-00
101 Язык документа __
a Язык текста ger
c Язык оригинала ger
200 Заглавие и сведения об ответственности 0_
a Заглавие Deutsche Volkslieder aus Russland
f Первые сведения об ответственности Internationaler Verband der deutschen kultur
b Общее обозначение материала Текст
210 Выходные данные __
a Место издания М.
c Издательство Готика
d Дата издания 2000
215 Физическое описание __
a Объем 48 с.
330 Аннотация __
a Аннотация Тексты и ноты немецких народных песен.
517 Другие варианты заглавия __
a Другие варианты заглавия Немецкие народные песни из России
606 Тематические рубрики __
a Основная рубрика Музыка и зрелищные искусства
606 Тематические рубрики __
a Основная рубрика Вокальная музыка
610 Ключевые слова __
a Ключевые слова фольклор; народные песни; немецкие песни
686 Индексы других классификаций __
a Классификационный индекс 85.94я438
801 Источник записи _0
a Страна RU
b Организация Муниципальное бюджетное учреждение культуры "Централизованная библиотечная система" г. Сургут (Центральная городская библиотека им. А. С. Пушкина)
g Правила каталогизации КиК/Котельникова; ОИЛ/Рутковская
801 Источник записи _1
a Страна RU
b Организация Муниципальное бюджетное учреждение культуры "Централизованная библиотечная система" г. Сургут (Центральная городская библиотека им. А. С. Пушкина)
g Правила каталогизации КиК/Котельникова; ОИЛ/Рутковская
852 Данные о местонахождении __
j Шифр хранения 85.94я438
c Каталожный индекс 85.94я438
i Авторский знак D 48
p Инвентарный номер Б/Н
901 Тип документа __
t Тип документа x
903 Характеристики (МАРС) __
a Дата передачи 20061103; 20020402
969 Тип издания __
a Тип издания сборник
990 Данные о заказе (DOS) __
h N записи в КСУ для Б/У (DOS) 200611; 200205
j Количество экземпляров (DOS) 1; 1